Giáo trình cao học quản trị kinh doanh quốc tế

Tổng quan về quản trị kinh doanh quốc tế, thương mại và đầu tư quốc tế, quản trị chiến lược quốc tế, phương thức thâm nhập thị trường và liên minh chiến lược quốc tế; các vấn đề về quản trị công ty kinh doanh quốc tế: thiết kế v...

ver descrição completa

Na minha lista:
Detalhes bibliográficos
Autor principal: Hà, Nam Khánh Giao
Formato: Livro
Idioma:Undetermined
Publicado em: Tp.Hồ Chí Minh Tổng hợp Tp.Hồ Chí Minh 2012
Assuntos:
Tags: Adicionar Tag
Sem tags, seja o primeiro a adicionar uma tag!
Thư viện lưu trữ: Trung tâm Học liệu Trường Đại học Cần Thơ
LEADER 01284nam a2200217Ia 4500
001 CTU_197354
008 210402s9999 xx 000 0 und d
020 |c 89000 
082 |a 658.049 
082 |b Gi108 
100 |a Hà, Nam Khánh Giao 
245 0 |a Giáo trình cao học quản trị kinh doanh quốc tế 
245 0 |c Hà Nam Khánh Giáo 
260 |a Tp.Hồ Chí Minh 
260 |b Tổng hợp Tp.Hồ Chí Minh 
260 |c 2012 
520 |a Tổng quan về quản trị kinh doanh quốc tế, thương mại và đầu tư quốc tế, quản trị chiến lược quốc tế, phương thức thâm nhập thị trường và liên minh chiến lược quốc tế; các vấn đề về quản trị công ty kinh doanh quốc tế: thiết kế và kiểm soát tổ chức quốc tế, quản trị marketing, điều hành, tài chính, nhân lực... 
650 |a Tổ chức kinh doanh Quốc tế,Linternational business enterprises,Linternational business enterprises,International economic relations 
650 |x Quản trị,Management,Management 
904 |i Tuyến 
980 |a Trung tâm Học liệu Trường Đại học Cần Thơ